000 00490nam a2200181Ia 4500
008 090123s9999 xx 000 0 und d
082 _b3390
_a891.463/कदम
100 _aकदम बाबा
245 _aभालू
250 _a1
260 _bरामकृष्णा प्रि.प्रेस
_c1973
300 _a226
600 _aकदम बाबा
630 _aभालू
700 _aकदम बाबा
730 _aभालू
942 _cBOOK
999 _c41470
_d41470